Central Library OPAC University of Rajshahi

خلاصة الكلام في بيان أمراء البلد الحرام ؛ و يليه من الفتاوي الحديثية /khulasat alkalam fi bayan amaraa' albalad alharamw yalih min alfatawi alhadithia / (Record no. 82519)

MARC details
000 -LEADER
fixed length control field 01615nam a2200253 a 4500
001 - CONTROL NUMBER
control field 82519
003 - CONTROL NUMBER IDENTIFIER
rucl marc code BD-RjUL
005 - DATE AND TIME OF LATEST TRANSACTION
control field 20231221151011.0
008 - FIXED-LENGTH DATA ELEMENTS--GENERAL INFORMATION
fixed length control field 110807s1981 tu |||||||||||||||||ara d
035 ## - SYSTEM CONTROL NUMBER
System control number (BD-RjUL)82519
040 ## - CATALOGING SOURCE
Original cataloging agency NNL
Language of cataloging ara
Transcribing agency BD-RjUL
041 0# - LANGUAGE CODE
Language code of text/sound track or separate title ara
082 ## - DEWEY DECIMAL CLASSIFICATION NUMBER
Edition number 23
Classification number 297
Author mark and year DAK 1981
100 1# - MAIN ENTRY--PERSONAL NAME
Personal name دحلان، احمد بن زيني ،Dahlan, Ahmed bin Zaini,
Dates associated with a name 1816-1886
9 (RLIN) 10654
245 10 - TITLE STATEMENT
Title خلاصة الكلام في بيان أمراء البلد الحرام ؛ و يليه من الفتاوي الحديثية /khulasat alkalam fi bayan amaraa' albalad alharamw yalih min alfatawi alhadithia /
Statement of responsibility, etc. لأحمد ابن زينى دحلان المكي الشافعى المتوفى سنة ١٣٠٤، ويليه من الفتاوى الحديثية، تأليف احمد شهاب الدين بن حجر الهيتمي الملكي، ٩٠٩-٩٧٤[هج]. الجزء 2.;;li'ahmad abn zaynaa dahalan almakiyi alshaafieaa almutawafaa sunatan 1304, wayalih min alfatawaa alhadithiati, talif ahmad shihab aldiyn bin hajar alhaytmii almalki, 909-974[hja]. aljuz' 2.
260 ## - PUBLICATION, DISTRIBUTION, ETC. (IMPRINT)
Place of publication, distribution, etc. استانبول :
Name of publisher, distributor, etc. المكتبة ايشيق،
Date of publication, distribution, etc. 1981.
300 ## - PHYSICAL DESCRIPTION
Pagination 110ص.
Size 23 cm
500 ## - GENERAL NOTE
General note تسجيل فهرسي مختصر لاجل مشروع الفهرسة العربية في المكتبة الوطنية الاسرائيلية
General note Brief cataloging record created for the Arabic Cataloging Project of the National Library of Israel.
650 ## - SUBJECT ADDED ENTRY--TOPICAL TERM
Topical term or geographic name as entry element Islam
700 1# - ADDED ENTRY--PERSONAL NAME
Personal name ابن حجر الهيثمي، احمد بن محمد،
Dates associated with a name 1503-1566
942 ## - ADDED ENTRY ELEMENTS (KOHA)
Source of classification or shelving scheme Dewey Decimal Classification
Koha item type Books
Holdings
Lost status Source of classification or shelving scheme Damaged status Not for loan Collection code Permanent Location Current Location Shelving location Date acquired Full call number Date last seen Copy number Koha item type
  Dewey Decimal Classification   Not For Loan Non-fiction Central Library, University of Rajshahi Central Library, University of Rajshahi Reading Room 21/12/2023 A 297 DAK 1981 21/12/2023 C-1 Books